000
00206nam a2200085 4500
001
1258246
005
20260303105937.0
245
_a
ÜNSÜZ YOUTUBERIN GÜNLÜĞÜ
_c
MİYASE SERTBARUT
260
_b
ALTIN YAYINLARI
999
_c
1258246
_d
1258246